[Event "Malmo"]
[Site "Malmo"]
[Date "1993.??.??"]
[Round "7"]
[White "Hansen, Lars Bo"]
[Black "Romanishin, Oleg M"]
[Result "1/2-1/2"]
[WhiteElo "2545"]
[BlackElo "2590"]
[Annotator "Hansen,LB"]
[PlyCount "70"]
[EventDate "1993.06.??"]
[EventType "tourn"]
[EventRounds "9"]
[EventCountry "SWE"]
[EventCategory "11"]
[SourceTitle "CBM 036"]
[Source "ChessBase"]
[SourceDate "1993.10.01"]
[SourceVersion "1"]
[SourceVersionDate "1993.10.01"]
[SourceQuality "1"]

1. d4 Nf6 2. c4 e6 3. Nf3 b6 4. g3 Ba6 5. b3 Bb7 6. Bg2 Bb4+ 7. Bd2 a5 8. O-O
O-O 9. Qc2 (9. Bg5 Be7 10. Bxf6 Bxf6 11. Nc3 d5 12. cxd5 exd5 13. Ne5 Na6 14.
f4 Be7 15. f5 c5 16. e3 Rc8 17. Qf3 $13 {Ruban,V-Vyzmanavin/Novosibirsk(10)/
1993/}) (9. Nc3 d5 10. cxd5 Bxc3 11. Bxc3 Bxd5 12. Ne1 Na6 13. f3 c5 14. dxc5
Nxc5 15. Nd3 Bb7 16. Nxc5 bxc5 17. Qxd8 {1/2;Chernin,A-Karpov,A/Tilburg/1992/})
9... d6 (9... Re8 10. Nc3 h6 11. a3 Bxc3 12. Bxc3 Be4 13. Qb2 $14 {Peng
Zhaoqin-Maric,A/Shanghai ctW/1992/}) (9... h6 10. a3 (10. Nc3 Na6 (10... Re8
11. Rfe1 Bxc3 12. Bxc3 Be4 13. Qd1 d5 14. Bh3 Bxf3 15. exf3 a4 $10 {Zsu.
Polgar-Polugaevsky,L/Aruba Tumba/1992/}) 11. a3 Bxc3 12. Bxc3 Be4 13. Qb2 d5
14. Rfd1 c6 15. Bd2 Qe7 {1/2;Psakhis,L-Karpov,A/Baden Baden/1992/}) 10... Be7
11. Nc3 d5 12. Rfd1 (12. cxd5 exd5 13. Bf4 Na6 14. Rfd1 Qd7 15. Be5 $14 {
Van der Sterren,P-Piket,J/Wijk op/1993/}) 12... Na6 (12... Qc8 $6 13. cxd5 exd5
14. Bf4 Rd8 $6 15. Nh4 $16 {Karpov,A-Lobron,E/Baden Baden/1992/}) 13. Bc1 c5
14. cxd5 exd5 15. Bb2 Re8 $13 {Garcia Ilundain,D-Karpov,A/Leon/1993/}) 10. a3 (
10. Nc3 Nbd7 11. Rfe1 Bxc3 12. Bxc3 Be4 13. Qb2 d5 14. Bh3 Bf5 15. Bxf5 exf5
16. Nh4 $14 {Chernin,A-Romanishin,O/Taastrup/1992/}) 10... Bxd2 11. Nbxd2 Nc6
$1 $146 (11... c5 $6 12. e4 cxd4 13. Nxd4 Nc6 14. Nb5 Na7 15. Nxa7 Rxa7 16.
Rad1 $14 {Beliavsky,A-Kortschnoi,V/Biel/1992/}) (11... Nbd7 12. e4 e5 13. Rfe1
Re8 14. Rad1 exd4 15. Nxd4 Nc5 16. f3 Ne6 17. Nf5 $14 {Granda Zuniga,J-Karpov,
A/Madrid/1992/}) 12. e4 e5 13. d5 Ne7 14. Nb1 $5 (14. Qb2 {/\b4} c6 $1 $13)
14... Bc8 $1 15. Nc3 Ng4 16. Rae1 Ng6 {The point of Black`novelty:the minor
pieces coordinate excellently.} 17. Qd2 Bd7 (17... h6 18. Nd1 a4 $5) 18. a4 $1
h6 (18... f5 $6 19. Ng5) 19. Nd1 f5 20. exf5 Bxf5 21. Ne3 Nxe3 22. fxe3 $5 Qe7
23. e4 Bg4 24. Qe3 $10 Rf6 25. Nd2 Raf8 26. Bf3 Bh3 27. Bg2 Bg4 28. Bf3 Qd7 29.
Bxg4 Qxg4 30. Rxf6 Rxf6 31. Qe2 Qg5 32. Nf3 Qh5 33. Nd2 Qg5 34. Nf3 Qg4 35. Nd2
Qg5 1/2-1/2

[Event "POL-ch 57th"]
[Site "Plock"]
[Date "2000.05.10"]
[Round "13"]
[White "Urban, Klaudiusz"]
[Black "Macieja, Bartlomiej"]
[Result "1/2-1/2"]
[WhiteElo "2467"]
[BlackElo "2538"]
[Annotator "Hecht,H"]
[PlyCount "142"]
[EventDate "2000.04.28"]
[EventType "tourn"]
[EventRounds "13"]
[EventCountry "POL"]
[EventCategory "10"]
[SourceTitle "CBM 078"]
[Source "ChessBase"]
[SourceDate "2000.10.18"]
[SourceVersion "1"]
[SourceVersionDate "2000.10.18"]
[SourceQuality "1"]

1. d4 Nf6 2. c4 e6 3. g3 Bb4+ 4. Nd2 c5 5. dxc5 Bxc5 6. Bg2 O-O 7. Ngf3 Nc6 8.
O-O Be7 9. a3 b6 10. b4 Bb7 11. Bb2 Rc8 12. Rc1 a5 13. b5 Nb8 14. Qc2 h6 15.
Rfd1 d6 16. Bxf6 Bxf6 17. Ng5 Bxg5 18. Bxb7 Rc7 19. Bg2 Bxd2 20. Qxd2 Rd7 21.
Bc6 Nxc6 22. bxc6 Rc7 23. c5 bxc5 24. Qxd6 Qxd6 25. Rxd6 Rfc8 26. Rxc5 Kf8 27.
Rxa5 Rxc6 28. Rxc6 Rxc6 {[#] Je mehr Material auf der Seite mit
Bauerngleichgewicht vorhanden ist, desto größer sind grundsätzlich die
Gewinnaussichten für die Seite mit dem Freibauern.} 29. h4 Rc2 30. Kf1 g6 31.
h5 g5 32. g4 Kg7 33. f3 Kf6 34. Kf2 Rb2 35. Ra4 Rb3 36. Ke1 Rb1+ 37. Kd2 Rb2+
38. Kd3 Rb3+ 39. Ke4 Rb2 40. e3 Rb3 41. Ra7 Rc3 42. Kd4 Rb3 43. a4 Ra3 44. a5
Ra4+ 45. Kc5 Ra1 (45... Ra3 46. Kb4 Rxe3 47. a6 Rxf3 48. Rxf7+ Kxf7 49. a7 Rf4+
50. Kb5 Rxg4 51. a8=Q Rf4 52. Qh8 Rf6 53. Kc5 $18 {[%csl Rh6]}) 46. a6 Ke5 47.
Kb6 (47. Rxf7 Rxa6 48. f4+ gxf4 (48... Ke4 49. Rf6 Kxe3 50. f5 Ra5+ 51. Kb4 $18
) 49. exf4+ Ke4 50. Rf6 Ra1 51. Rxh6 Kxf4 52. Rg6 e5 53. h6 e4 $11) (47. Ra8 $1
Rc1+ (47... Ra3 48. Kb5 (48. a7 Ra1 49. Kb6 Rb1+ 50. Kc6 Ra1 51. Kd7 Kf6 52.
Ke8 Kg7 $11) 48... Rb3+ 49. Kc6 Ra3 50. Kd7 Kf6 51. Ke8 {[%csl Rh6][%cal Re8f8,
Rf8g8,Rg8h7]} Kg7 52. Ra7 Kg8 53. Rxf7 Rxa6 54. Rf6 $18) 48. Kb6 Rb1+ 49. Kc7
Rc1+ 50. Kd7 Ra1 (50... Rc3 51. a7 Ra3 52. Ke7 f5 53. Kf7 fxg4 54. fxg4 Ke4 55.
Kg6 Kxe3 56. Kxh6 $18) 51. Ke7 $18) 47... Rb1+ 48. Kc6 Rc1+ 49. Kb7 Rb1+ 50.
Kc8 Ra1 51. Ra8 Ra3 52. Ra7 Ra1 53. Kd8 f5 54. gxf5 exf5 55. Re7+ Kd5 56. a7 g4
{Die Etablierung eines eigenen Freibauern bedeutet für den Verteidiger in
aller Regel gute Remischancen.} 57. fxg4 (57. e4+ Kd4 (57... fxe4 58. fxg4 Kd4
59. g5 hxg5 60. h6 $18) 58. fxg4 (58. exf5 gxf3 59. Re1 Rxa7 60. Ke8 (60. f6 $2
Rf7) 60... f2 61. Rf1 Ke5 62. Rxf2 Kf6 $11) 58... fxg4 59. e5 g3 60. e6 Ke5 $11
) 57... fxg4 58. Kc8 g3 59. Rg7 g2 60. Kb8 Rb1+ 61. Kc7 Ra1 62. Kb6 Rb1+ 63.
Ka6 Ra1+ 64. Kb6 Rb1+ 65. Kc7 Ra1 66. Kb8 Rb1+ 67. Kc8 Ra1 68. Rxg2 Rxa7 69.
Rg6 Ke4 70. Re6+ Kf5 71. Rxh6 Re7 1/2-1/2

[Event "St Petersburg-ch"]
[Site "St Petersburg"]
[Date "1998.04.14"]
[Round "7"]
[White "Ionov, Sergey"]
[Black "Solozhenkin, Evgeniy"]
[Result "0-1"]
[WhiteElo "2530"]
[BlackElo "2500"]
[Annotator "Hecht,H"]
[PlyCount "128"]
[EventDate "1998.04.07"]
[EventType "tourn"]
[EventRounds "13"]
[EventCountry "RUS"]
[EventCategory "10"]
[SourceTitle "CBM 065"]
[Source "ChessBase"]
[SourceDate "1998.08.06"]
[SourceVersion "1"]
[SourceVersionDate "1998.08.06"]
[SourceQuality "1"]

1. d4 Nf6 2. c4 e6 3. Nf3 b6 4. g3 Ba6 5. b3 Bb4+ 6. Bd2 Be7 7. Nc3 O-O 8. e4
d5 9. cxd5 Bxf1 10. Kxf1 exd5 11. e5 Ne4 12. Kg2 Qd7 13. Qe2 Nxc3 14. Bxc3 Nc6
15. h4 Nd8 16. Ng5 f6 17. exf6 Bxf6 18. Qd3 Bxg5 19. hxg5 g6 20. Rae1 Nf7 21.
Bd2 Rae8 22. Bf4 c6 23. Qc2 Rxe1 24. Rxe1 Re8 25. Rxe8+ Qxe8 26. a4 Kf8 27. f3
Qe6 28. g4 Ke8 29. Kf2 Kd8 30. Qd3 Qe7 31. Qd2 Kd7 32. Kg3 Kc8 33. Kf2 Kb7 34.
Qc1 c5 35. Qd2 cxd4 36. Qxd4 Qc5 37. Ke3 Kc6 38. Kd3 Qxd4+ 39. Kxd4 {[#] A
difficult case, in which White, perhaps without needing to, makes the knight
strong. [#] Schwieriger Fall, in dem Weiß vielleicht ohne Not, den Springer
stark macht.} a6 40. Bd2 Kd6 41. Bf4+ Ke6 42. Be3 (42. b4 $5 {and Black has to
move! The white pieces should wait on d4 and f4, in order to restrict the
knight. und Schwarz muß ziehen! Die weißen Figuren sollten doch auf d4 und f4
ausharren, um den Springer einzuschränken.}) 42... Ne5 43. Kc3 b5 44. axb5 axb5
45. f4 Nxg4 46. Bc1 Nf2 47. Kd4 Ne4 48. Bb2 Nd2 49. Kc3 Nf3 50. Kd3 Kd6 51.
Ba3+ Kc6 52. Bb4 Nh4 53. Kd4 Nf5+ 54. Ke5 Ne3 55. Bc3 Nc2 56. b4 Ne3 57. Bd4
Ng4+ 58. Ke6 Nh2 59. Kf6 Nf3 60. Bb2 d4 61. Kg7 Kd5 62. Kxh7 Nh4 63. Kg7 d3 64.
Bc1 Ke6 0-1

[Event "POL-ch 53rd"]
[Site "Brzeg Dolny"]
[Date "1996.??.??"]
[Round "14"]
[White "Czerwonski, Aleksander"]
[Black "Wojtkiewicz, Aleksander"]
[Result "1-0"]
[WhiteElo "2400"]
[BlackElo "2550"]
[Annotator "Hecht,H"]
[PlyCount "101"]
[EventDate "1996.03.09"]
[EventType "tourn"]
[EventRounds "15"]
[EventCountry "POL"]
[EventCategory "9"]
[SourceTitle "CBM 053"]
[Source "ChessBase"]
[SourceDate "1996.08.01"]
[SourceVersion "1"]
[SourceVersionDate "1996.08.01"]
[SourceQuality "1"]

1. d4 Nf6 2. c4 e6 3. Nf3 b6 4. g3 Ba6 5. Nbd2 d5 6. Bg2 Be7 7. Ne5 c6 8. cxd5
cxd5 9. O-O O-O 10. Ndf3 Ne4 11. h4 Qe8 12. Bf4 Nc6 13. Rc1 Rc8 14. Nxc6 Rxc6
15. Rxc6 Qxc6 16. Nd2 Nxd2 17. Qxd2 Qc4 18. Rc1 Qxe2 19. Rc7 Bf6 20. Rxa7 h5
21. Qxe2 Bxe2 22. Be3 Rc8 23. Rb7 Bd8 24. Bf1 Bxf1 25. Kxf1 Kf8 26. Bd2 Ke8 27.
Ke1 Rc4 28. Bc3 Bc7 29. Kd2 Kd7 30. Ra7 Kc8 31. Ra8+ Bb8 32. Ra3 Kb7 33. Kd3
Bd6 34. Rb3 Kc6 35. Bd2 b5 36. Rc3 f6 37. b3 Rxc3+ 38. Bxc3 {[#] Bildung eines
entfernten weißen Freibauern, schlechte schwarze Verteidigung ab Zug 41, Taktik
} b4 39. Bd2 e5 40. f3 Kb5 41. g4 hxg4 $6 (41... e4+ 42. fxe4 hxg4 43. exd5 f5
$13) (41... g6 $142 $5) 42. fxg4 Kc6 43. h5 Bf8 44. dxe5 fxe5 45. g5 Kc5 46. g6
Kb5 (46... Kc6 47. Bxb4 Bxb4 48. h6 $18) 47. Bg5 Kc5 48. h6 e4+ 49. Ke2 gxh6
50. Be7+ Bxe7 51. g7 1-0

[Event "Sao Paulo zt 2.4"]
[Site "Sao Paulo"]
[Date "2003.09.19"]
[Round "1"]
[White "Mecking, Henrique"]
[Black "Zambrana, Oswaldo"]
[Result "1-0"]
[WhiteElo "2556"]
[BlackElo "2404"]
[Annotator "Hecht,H"]
[PlyCount "105"]
[EventDate "2003.09.19"]
[EventType "tourn"]
[EventRounds "9"]
[EventCountry "BRA"]
[EventCategory "9"]
[SourceTitle "CBM 098"]
[Source "ChessBase"]
[SourceDate "2004.02.03"]
[SourceVersion "1"]
[SourceVersionDate "2004.02.03"]
[SourceQuality "1"]

1. d4 Nf6 2. c4 e6 3. Nf3 b6 4. g3 Ba6 5. b3 Bb4+ 6. Bd2 Be7 7. Nc3 c6 8. e4 d5
9. Qc2 dxe4 10. Nxe4 Nbd7 11. Bg2 Bb7 12. O-O c5 13. Nc3 cxd4 14. Nxd4 Bxg2 15.
Kxg2 Qc8 16. Bg5 O-O 17. Rad1 Qb7+ 18. f3 h6 19. Bxf6 Nxf6 20. Ne4 Rfd8 21. Nb5
Nxe4 22. Qxe4 Qxe4 23. fxe4 a6 24. Nc3 b5 25. Rxd8+ Bxd8 26. Rc1 Rc8 27. Ne2
bxc4 28. Rxc4 Rxc4 29. bxc4 Bg5 30. Kf3 Kf8 31. h4 Bd2 32. Nf4 Ke7 33. Nd3 Kd6
34. g4 g6 35. e5+ Kc6 36. h5 Bc3 37. Ke4 gxh5 38. gxh5 a5 39. a4 f5+ 40. exf6
Bxf6 {[#] Bis hierher ist nichts an der schwarzen Verteidigung auszusetzen.
Mit seinem nächsten Zug treibt Mecking, gestützt auf die Springergabel auf d7,
den König zurück und bekommt einige Chancen.} 41. Ne5+ Kc7 (41... Bxe5 $1 {
Das war die Remislösung!} 42. Kxe5 Kc5 43. Kxe6 Kxc4 44. Kf5 Kd5 $1 {nur so} (
44... Kb4 $2 45. Kg6 Kxa4 46. Kxh6 Kb3 47. Kg5 a4 48. h6 a3 49. h7 a2 50. h8=Q
$18 {Gewinn um genau ein Tempo}) 45. Kg6 Ke6 46. Kxh6 Kf6 47. Kh7 Kf7 48. h6
Kf8 49. Kg6 Kg8 50. Kf6 Kh7 51. Ke6 Kxh6 52. Kd6 Kg7 53. Kc6 Kf8 54. Kb6 Ke8
55. Kxa5 Kd8 56. Kb6 Kc8 $11 {Remis um genau ein Tempo}) 42. c5 Be7 43. Ng4
Bxc5 $6 (43... Bg5 $142) 44. Nxh6 Kd7 45. Ng4 Ke7 $2 (45... Ke8 $142 {was den
Springergabeln Se5-c6/d7 vorsorglich aus dem Wege geht}) 46. Ne5 Ba3 (46... Bb4
47. Nc6+ Kf6 48. Nxb4 axb4 49. Kd4 $18) (46... Bb6 47. h6 Kf8 {oder Kf6} 48.
Nd7+ $18) (46... Kf6 47. Nd7+ $18) 47. Nc6+ Kf6 48. Nxa5 Kg5 (48... Bb4 49. Nc6
Bd2 50. Ne5 Ba5 51. Ng4+ Kg5 52. h6 Kg6 53. Kd4 Be1 54. Kc5 e5 55. Kd5 Bc3 56.
Ke4 Kh7 57. Kf5 {deutet eine der Gewinnideen an.}) 49. Nc6 Kxh5 50. a5 Kg6 51.
Kd4 Bb2+ 52. Kc4 Bc1 53. a6 {Feine Gewinnführung von Weiß, doch mit
zunehmender Spieldauer schwächer werdende Verteidigung.} 1-0

[Event "Chigorin Memorial 07th"]
[Site "St Petersburg"]
[Date "1999.11.05"]
[Round "4"]
[White "Nikolaev, Nikita"]
[Black "Shaposhnikov, Evgeny"]
[Result "0-1"]
[WhiteElo "2308"]
[BlackElo "2494"]
[Annotator "Hecht,H"]
[PlyCount "116"]
[EventDate "1999.11.02"]
[EventType "swiss"]
[EventRounds "9"]
[EventCountry "RUS"]
[SourceTitle "CBM 074"]
[Source "ChessBase"]
[SourceDate "2000.02.01"]
[SourceVersion "1"]
[SourceVersionDate "2000.02.01"]
[SourceQuality "1"]

1. d4 Nf6 2. Nf3 e6 3. c4 b6 4. g3 Ba6 5. b3 d5 6. Bg2 dxc4 7. Ne5 Bb4+ 8. Kf1
Bd6 9. Nxc4 Nd5 10. Bf3 f5 11. Bb2 Nd7 12. Nc3 N7f6 13. Nxd5 Nxd5 14. Nxd6+
cxd6 15. Bxd5 exd5 16. Kg2 O-O 17. e3 Qe7 18. h4 Rf7 19. h5 Qe4+ 20. f3 Qxe3
21. Bc1 Qc3 22. Bf4 Re8 23. Rc1 Qb4 24. Re1 Rfe7 25. Rxe7 Rxe7 26. Kh3 h6 27.
Qc2 Rf7 28. Qc6 Qxd4 29. Qe8+ Rf8 30. Qe6+ Kh8 31. Qxd6 Rf6 32. Be5 Rxd6 33.
Bxd4 Rd7 34. g4 fxg4+ 35. Kxg4 Kg8 36. Rc6 Bd3 37. Kf4 Kf7 38. Ke3 Bf5 39. Be5
Re7 40. Kd4 Be6 41. Bd6 Rd7 42. Ke5 d4 43. Kxd4 Bxb3 44. axb3 Ke6 45. Ke4 Rxd6
46. Rc7 Rd7 47. Rc6+ Kf7 48. f4 Rb7 49. f5 (49. b4 $142 a5 50. bxa5 bxa5 51.
Ra6 Rb5 52. f5 $15 {mit aktiver weißer Turmstellung.}) 49... a5 50. f6 $2 (50.
Kf4 $142 {oder Ke5}) 50... gxf6 51. Kf5 Kg7 52. Rd6 (52. Rxf6 Rf7 $19) 52... b5
53. Ra6 Re7 54. Rxa5 Re5+ 55. Kg4 f5+ 56. Kf3 (56. Kf4 Kf6 57. Ra6+ Re6 $19)
56... Kf6 57. Ra1 Re4 {[%csl Rb3,Rh5][%cal Re4b4,Rf6g5]} 58. Rg1 Rg4 (58... Rg4
59. Rxg4 fxg4+ 60. Kxg4 Ke5 61. b4 Ke4 62. Kg3 Kf5 63. Kf3 Kg5 64. Ke4 Kxh5 65.
Kd5 Kg4 66. Kc5 h5 67. Kxb5 h4 {und gewinnt mit genau einem Tempo mehr.}) 0-1

[Event "Sigeman & Co 10th"]
[Site "Malmo"]
[Date "2002.06.11"]
[Round "6"]
[White "Epishin, Vladimir"]
[Black "Stefansson, Hannes"]
[Result "1-0"]
[WhiteElo "2606"]
[BlackElo "2598"]
[Annotator "Hecht,H"]
[PlyCount "98"]
[EventDate "2002.06.06"]
[EventType "tourn"]
[EventRounds "9"]
[EventCountry "SWE"]
[EventCategory "13"]
[SourceTitle "CBM 090"]
[Source "ChessBase"]
[SourceDate "2002.09.20"]
[SourceVersion "1"]
[SourceVersionDate "2002.09.20"]
[SourceQuality "1"]

1. d4 Nf6 2. c4 e6 3. Nf3 b6 4. g3 Ba6 5. b3 Bb4+ 6. Bd2 Be7 7. Nc3 O-O 8. e4
d5 9. cxd5 Bxf1 10. Kxf1 exd5 11. e5 Ne4 12. Kg2 Qd7 13. Re1 Nxc3 14. Bxc3 c5
15. e6 fxe6 16. Qe2 Bf6 17. Qxe6+ Qxe6 18. Rxe6 Na6 19. Re3 Rfd8 20. Rd1 Rac8
21. g4 Rd7 22. g5 Be7 23. dxc5 bxc5 24. Re6 Nc7 25. Rc6 Bd6 26. Be5 Bxe5 27.
Nxe5 Re7 28. Nd3 c4 29. bxc4 dxc4 30. Nf4 Rf8 31. Rxc4 Ne6 32. Nxe6 Rxe6 33. f4
{[#] Zusammenspiel der weißen Türme auf der siebten und achten Reihe.} h6 (
33... Re2+ 34. Kg3 Rxa2 35. Rd7 {[%csl Ra7,Rg7,Rh7][%cal Rc4c7]} Ra3+ 36. Kg4
Kh8 37. Rcc7 Ra4 38. Rf7 Rg8 39. h4 a5 40. h5 h6 41. gxh6 gxh6+ 42. Kf5 Rb8 43.
Rf6 $16) ({Die Bauchlage} 33... Re7 34. Kf3 g6 $16 {mit Hemmung der weißen
Bauernmehrheit am Königsflügel war eine nicht von der Hand zu weisende
Alternative.}) 34. h4 Rfe8 35. Kf3 h5 36. Rc3 Kh7 37. Rd7 Re1 38. Rxa7 Rf1+ 39.
Kg3 Rg1+ 40. Kf2 Rg4 41. f5 Kh8 42. g6 Rf4+ 43. Rf3 Rxh4 44. a4 Kg8 45. a5 Ra4
46. a6 h4 47. Re3 Rf8 48. Ree7 Rf4+ (48... Rxf5+ 49. Ke3 Rg4 50. Rxg7+ ({oder} 
50. Ra8+ Rf8 51. Rxf8+ Kxf8 52. Rf7+ Kg8 53. a7 Rxg6 54. Rb7 $18) 50... Kh8 51.
Rh7+ Kg8 52. Rag7+ Kf8 53. Rf7+ Rxf7 54. Rxf7+ Kg8 55. a7 Ra4 56. Rb7 $18) 49.
Ke3 R8xf5 (49... R8xf5 50. Re8+ Rf8 51. Raa8 Rf3+ 52. Ke4 {[%cal Ge4e5,Ge5e6,
Ge6e7]} h3 53. Rxf8+ Rxf8 54. Rxf8+ Kxf8 55. a7 $18) 1-0

[Event "YUG-ch"]
[Site "Podgorica"]
[Date "1996.??.??"]
[Round "14"]
[White "Blagojevic, Dragisa"]
[Black "Maksimovic, Branimir"]
[Result "1-0"]
[WhiteElo "2450"]
[BlackElo "2375"]
[Annotator "Hecht,H"]
[PlyCount "169"]
[EventDate "1996.02.??"]
[EventType "tourn"]
[EventRounds "15"]
[EventCountry "YUG"]
[EventCategory "9"]
[SourceTitle "CBM 053"]
[Source "ChessBase"]
[SourceDate "1996.08.01"]
[SourceVersion "1"]
[SourceVersionDate "1996.08.01"]
[SourceQuality "1"]

1. d4 Nf6 2. c4 e6 3. Nf3 b6 4. g3 Bb4+ 5. Bd2 Be7 6. Bg2 Bb7 7. Nc3 c6 8. O-O
O-O 9. Qa4 c5 10. Rfd1 cxd4 11. Nxd4 Bxg2 12. Kxg2 Qc8 13. Bf4 Qb7+ 14. f3 a6
15. Rd2 Rc8 16. Rc1 d6 17. Nb3 Qc6 18. Qxc6 Rxc6 19. Nb1 Nbd7 20. Rdc2 Rac8 21.
N1d2 e5 22. Bg5 d5 23. Na1 d4 24. Ne4 Nxe4 25. Bxe7 Nec5 26. Bg5 f5 27. b3 Ne6
28. Bd2 e4 29. Rd1 b5 30. fxe4 fxe4 31. Bc3 bxc4 32. Bxd4 cxb3 33. Rxc6 Rxc6
34. Nxb3 Rc2 35. Bf2 Nf6 36. Rd2 Rc4 37. Rd6 Nc7 38. Bd4 Nb5 39. Rd8+ Kf7 40.
Bxf6 Kxf6 41. Ra8 Nc7 42. Rc8 Ke5 43. Kf2 g5 44. Rh8 Ne6 45. Rxh7 Rc3 46. Ke1
e3 47. Kd1 Rc4 48. h4 a5 49. hxg5 a4 50. Nc1 Nxg5 51. Nd3+ Kf5 52. Rh4 Rg4 53.
Rxg4 Kxg4 {2-0 Bauern, umsichtige Technik, ständige Verbesserung von
K+S-Positionen, Bereitschaft den letzten Bauern zu verteidigen, wenn sich der
sS gegen den anderen Bauern opfert} 54. Nb2 Kxg3 55. Nxa4 Ne4 56. Kc2 Kf4 (
56... Kf2 57. Kd3 Ng3 58. Nc3 $18) 57. Kd3 Nd6 58. Nc3 Ke5 59. Kxe3 Nc4+ 60.
Kd3 Nb2+ 61. Kc2 Nc4 62. Kb3 Kd4 63. Kb4 Ne3 64. Nb5+ Kd5 65. Na3 Kd4 66. Kb3
Kc5 67. Nc2 Nd5 68. e3 Kb5 69. Na3+ Kc5 70. Nc4 Kb5 71. e4 Nf4 72. Nb2 Ne2 73.
Nd3 Nd4+ 74. Kc3 Ne2+ 75. Kd2 Nd4 76. Ke3 Ne6 77. Nf4 Ng5 78. Kd4 Nf3+ 79. Kd5
Kb6 80. e5 Kc7 (80... Nxe5 81. Kxe5 Kc5 82. Nd3+ Kb5 83. Nc1 $18) 81. Ne6+ Kb6
82. Nd4 Nh4 83. Kd6 Ng6 84. e6 Ka5 85. Nc2 1-0

[Event "Recklinghausen"]
[Site "Recklinghausen"]
[Date "1998.08.02"]
[Round "9"]
[White "Graf, Alexander"]
[Black "Kachiani Gersinska, Ketino"]
[Result "1/2-1/2"]
[WhiteElo "2625"]
[BlackElo "2435"]
[Annotator "Hecht,H"]
[PlyCount "79"]
[EventDate "1998.07.25"]
[EventType "tourn"]
[EventRounds "9"]
[EventCountry "GER"]
[EventCategory "12"]
[SourceTitle "CBM 067"]
[Source "ChessBase"]
[SourceDate "1998.11.30"]
[SourceVersion "2"]
[SourceVersionDate "1998.11.01"]
[SourceQuality "1"]

1. d4 Nf6 2. c4 e6 3. Nf3 b6 4. g3 Ba6 5. Qa4 c5 6. Bg2 Bb7 7. O-O cxd4 8. Nxd4
Bxg2 9. Kxg2 Qc7 10. f3 a6 11. Rd1 Qb7 12. Nc3 Be7 13. Qb3 Nc6 14. Nxc6 Qxc6
15. Be3 Bc5 16. Bg5 Ng4 17. Ne4 h6 18. Bf4 g5 19. Bd2 f5 20. Nxc5 bxc5 21. Bc3
Ne3+ 22. Kg1 O-O 23. Bg7 Nxd1 24. Bxf8 Rxf8 25. Rxd1 d6 26. Qd3 Rd8 27. e4 Qd7
28. b3 Qf7 29. Qe2 Qf6 30. Kg2 Qe5 31. Qe1 fxe4 32. Qxe4 Qxe4 33. fxe4 Kf7 34.
e5 Ke7 35. Rd3 a5 36. Kf2 Rf8+ 37. Rf3 Rxf3+ 38. Kxf3 {Bauernendspiel in der
Analyse} d5 (38... dxe5 39. g4 (39. Ke4 Kd6 (39... g4 40. Kxe5 h5 41. a3 Kd7
42. Kf6 Kd6 43. a4 (43. Kg5 Ke5 44. Kxh5 Kf5 (44... Kd4 45. Kxg4 e5 46. h4 $18)
45. Kh4 e5 46. h3 gxh3 (46... e4 47. hxg4+ Ke5 (47... Kg6 48. Kh3 Kg5 49. Kg2
Kxg4 50. Kf2 $18) 48. Kh3 Kd4 49. g5 e3 50. g6 e2 51. g7 e1=Q 52. g8=Q $16) 47.
Kxh3 Ke4 48. Kg2 Kd3 49. g4 e4 50. g5 e3 51. g6 e2 52. g7 e1=Q 53. g8=Q Kc3 $11
) 43... e5 44. Kf5 e4 45. Kxe4 Ke6 46. Kf4 Kf6 $11) 40. g4 Kd7 41. Kxe5 Ke7 42.
h3 Kd7 43. Kf6 Kd6 44. a3 e5 45. Kf5 e4 46. Kxe4 Ke6 47. a4 $18) 39... Kd7 40.
Ke4 Kd6 41. h3 Kd7 42. Kxe5 Ke7 43. a3 Kd7 44. Kf6 Kd6 45. a4 (45. Kg6 Ke5 46.
Kxh6 Kf4 $19) 45... e5 46. Kf5 e4 47. Kxe4 Ke6 $11) 39. a4 d4 40. g4 1/2-1/2

[Event "Selfoss Milk Masters 1st"]
[Site "Selfoss"]
[Date "2002.10.11"]
[Round "4"]
[White "Nikolic, Predrag"]
[Black "Thorfinnsson, Bragi"]
[Result "1-0"]
[WhiteElo "2661"]
[BlackElo "2357"]
[Annotator "Hecht,H"]
[PlyCount "97"]
[EventDate "2002.10.08"]
[EventType "tourn"]
[EventRounds "9"]
[EventCountry "ISL"]
[EventCategory "12"]
[SourceTitle "CBM 092"]
[Source "ChessBase"]
[SourceDate "2003.02.06"]
[SourceVersion "1"]
[SourceVersionDate "2003.02.06"]
[SourceQuality "1"]

1. d4 Nf6 2. c4 e6 3. Nf3 b6 4. g3 Ba6 5. Qa4 Bb7 6. Bg2 c5 7. O-O Be7 8. Nc3
O-O 9. Rd1 d6 10. d5 exd5 11. cxd5 a6 12. e4 b5 13. Qc2 Nfd7 14. a4 b4 15. Nb1
a5 16. Be3 Bf6 17. Nbd2 Re8 18. Re1 Nb6 19. Rad1 N8d7 20. Bf4 Qb8 21. Bf1 Ba6
22. Bxa6 Rxa6 23. Nc4 Nxc4 24. Qxc4 Rb6 25. Re2 h6 26. h4 Rb7 27. Rde1 Nb6 28.
Qc2 Rbe7 29. Kg2 c4 30. Qd1 c3 31. b3 Nd7 32. g4 Ne5 33. Nd4 Nxg4 34. Nc6 Qc7
35. Bg3 h5 36. Nxe7+ Qxe7 37. e5 dxe5 38. f3 Nh6 39. Bxe5 Bxe5 40. Rxe5 Qxe5
41. Rxe5 Rxe5 42. d6 Re8 43. Qd5 Re2+ 44. Kh3 Rd2 45. Qxa5 c2 $2 (45... Rxd6 $1
46. Qxb4 Rc6 47. Qe4 Rc8 48. Qb7 Rc5 49. Qb8+ Kh7 50. Qd6 Rc8 51. Qd7 Rc5 52.
Qd4 Rc8 53. Qd3+ g6 {sieht nach Remis aus}) 46. Qc5 f6 47. a5 $18 Nf7 48. a6 g5
49. a7 1-0

[Event "EU-ch 4th"]
[Site "Istanbul"]
[Date "2003.06.13"]
[Round "13"]
[White "Lputian, Smbat G"]
[Black "Mchedlishvili, Mikheil"]
[Result "1-0"]
[WhiteElo "2638"]
[BlackElo "2560"]
[Annotator "Hecht,H"]
[PlyCount "113"]
[EventDate "2003.05.30"]
[EventType "swiss"]
[EventRounds "13"]
[EventCountry "TUR"]
[SourceTitle "CBM 096"]
[Source "ChessBase"]
[SourceDate "2003.09.25"]
[SourceVersion "1"]
[SourceVersionDate "2003.09.25"]
[SourceQuality "1"]

1. d4 Nf6 2. c4 e6 3. Nf3 b6 4. g3 Ba6 5. b3 Bb4+ 6. Bd2 Be7 7. Bg2 c6 8. O-O
d5 9. Qc2 Nbd7 10. Rd1 Rc8 11. Nc3 O-O 12. e4 dxc4 13. Bf4 b5 14. bxc4 bxc4 15.
Rab1 Qa5 16. h3 h6 17. Bd2 Qc7 18. Bf4 Qa5 19. g4 Rfe8 20. Bd2 Qc7 21. Qc1 Rb8
22. Rxb8 Qxb8 23. g5 hxg5 24. Bxg5 c5 25. e5 Nd5 26. Nxd5 exd5 27. Bxe7 Rxe7
28. Qg5 Re6 29. Nh4 cxd4 30. Bxd5 Qxe5 31. Qd8+ Nf8 32. Bxe6 Qxe6 33. Qxd4 Qxh3
34. Qf4 Qe6 35. Rc1 g6 36. Nf3 Qd5 37. Ne5 Nd7 38. Nxc4 Bb7 39. f3 g5 40. Qe3
f6 41. Kf2 Ba6 42. Qe4 Qc5+ 43. Kg2 Kg7 44. Rd1 Bxc4 45. Rxd7+ Bf7 {[#] In der
offenen Stellung ist der Turm wesentlich stärker als der Läufer. Dazu gibt es
die Schwäche des a-Bauern.} 46. a4 ({Komfortabler war} 46. Qe6 $1 Qc2+ 47. Kg3
Qg6 48. Rxa7 {Z.B.} Kg8 (48... f5 49. Qxg6+ Kxg6 50. a4 $18) 49. Rxf7 Qxf7 50.
Qxf7+ Kxf7 51. a4 Ke6 52. a5 Kd6 53. Kg4 $18) 46... a5 47. Qd4 $6 ({Erneut} 47.
Qe6 Qf8 48. Ra7 $18) 47... Qc2+ $6 (47... Qxd4 48. Rxd4 Be8 {bot eine relle
Verteidigungschance}) 48. Kg3 Qb1 49. Ra7 Qe1+ 50. Kg2 Qe2+ 51. Qf2 Qe8 $2 {
Zu passiv} (51... Qc4 52. Rxa5 Bd5 $132 {[%csl Rf3]}) 52. Rxa5 Qc6 53. Qc5 Qe6
54. Qd4 Qa2+ 55. Kg3 Kg6 56. Ra6 Be6 57. Rxe6 $1 {Diesen Übergang ins
Bauernendspiel kennen wir schon.} 1-0